| 000 | 00640nam a2200229 a 4500 | ||
|---|---|---|---|
| 001 | BRCA_8097 | ||
| 005 | 20190320210130.0 | ||
| 008 | 070414s1966----gw-a###f##---#001-0#ger-# | ||
| 041 | _ager | ||
| 044 | _agw | ||
| 050 | 4 |
_aNK5106 _b.IS81 _c1966 |
|
| 100 | 1 |
_aIsings Clasina _920141 |
|
| 245 | 1 | 0 |
_aSchönes altes glas _cClasina Isings. |
| 260 |
_aHannover _bFackelträger _c1966 |
||
| 300 |
_a123 p. _bil., 129 láminas _c24 cm. |
||
| 500 | _aY140 | ||
| 650 | 1 | 4 |
_aVidrios artísticos _vVasos _920142 |
| 650 | 1 | 4 |
_aCerámicas _vVasos antiguos _920143 |
| 650 | 1 | 4 |
_aArtes decorativas _vVasos antiguos _920144 |
| 902 | _aGFM | ||
| 942 |
_2lcc _cB |
||
| 999 |
_c7765 _d7765 |
||